000 00496nam a2200229Ia 4500
003 IT-RoPAU
008 120407s9999 xx 000 0 und d
040 _aIT-RoPAU
040 _cIT-RoPAU
041 _alat
100 _aVincenzo Miano
245 _aIntroductio in Philosophiam et Logica.
250 _aTorino
260 _aSei
260 _c1965
300 _a123 p.
300 _c21,5 cm
490 _aInstitutiones Philosophiae
490 _v11
942 _cBK
999 _c24820
_d24820